| 000 | 00835nam a2200313 4500 | ||
|---|---|---|---|
| 001 | 00008445 | ||
| 003 | DO-SdBNP | ||
| 005 | 20180131154301.0 | ||
| 007 | 00008445 | ||
| 008 | 880105s1987 sp spa | ||
| 015 | _a | ||
| 016 | 7 |
_a _z _2BPMSU |
|
| 017 |
_a _b |
||
| 020 | _a8422621789 | ||
| 035 | _a | ||
| 040 |
_aBPMSU _bspa _cBPMSU _e |
||
| 080 | 0 | _a | |
| 100 | 1 | _aO'Hara, Mary | |
| 240 | 1 | 0 |
_aThunderhead _lEspañol |
| 245 | 1 | 0 |
_aNube de tormenta / _h _cMary O'Hara ; ilustraciones de Ballestar ; [traducción, E.B.] |
| 260 |
_aBarcelona : _bCírculo de Lectores, _c1987 |
||
| 300 |
_a381 p. : _b _c22 cm |
||
| 500 | _a | ||
| 700 | 1 |
_aBallester, Vicente B. _eil. |
|
| 700 | 0 |
_aE. B. _etr. |
|
| 942 |
_2ddc _cBK |
||
| 945 | _aInventariado, 2018 / BT | ||
| 956 |
_aVMATEO _210 _320160318 _6BPMSU _800069 |
||
| 999 |
_c9319 _d9319 |
||